书目信息 |
| 题名: |
预应力混凝土结构抗震设计规程
|
|
| 作者: | 中华人民共和国建设部 | |
| 分册: | ||
| 出版信息: | 北京 中国建筑工业出版社 2004.01 |
|
| 页数: | 46页 | |
| 开本: | 26cm | |
| 丛书名: | ||
| 单 册: | ||
| 中图分类: | TU37 | |
| 科图分类: | ||
| 主题词: | 混凝土结构--规程 | |
| 电子资源: | ||
| ISBN: | ||
| 000 | 00730nam0 2200217 45 | |
| 005 | 20050119105328.89 | |
| 010 | @dCNY 8.00 | |
| 035 | @a(011001)c2001052397 | |
| 091 | @a15112.11634@dCNY8.00 | |
| 100 | @a20010630d2004 em y0chiy0120 ea | |
| 101 | 0 | @achi |
| 102 | @aCN@b110000 | |
| 105 | @ay z 000yy | |
| 200 | 1 | @a预应力混凝土结构抗震设计规程@Ayu ying li hun ning tu jie gou kang zhen she ji gui cheng@f中华人民共和国建设部@Fzhong hua ren min gong he guo jian she bu |
| 210 | @a北京@c中国建筑工业出版社@d2004.01 | |
| 215 | @a46页@d26cm | |
| 606 | 0 | @a混凝土结构@j规程 |
| 690 | @aTU37@v4 | |
| 701 | 0 | @a中华人民共和国建设部@Azhong hua ren min gong he guo jian she bu |
| 801 | 0 | @aCN@c20050119 |
| 905 | @a10447@dTU37@eJ310 | |
| 预应力混凝土结构抗震设计规程/中华人民共和国建设部.-北京:中国建筑工业出版社,2004.01 |
| 46页;26cm |
| ISBN :CNY 8.00 |
| ● |
| 相关链接 |
|
|
|
正题名:预应力混凝土结构抗震设计规程
索取号:TU37/J310
 
预约/预借
| 序号 | 登录号 | 条形码 | 馆藏地/架位号 | 状态 | 备注 |
| 1 | 438920 | 204389205 | 建筑库101/404自科库 24排1列2层/ [索取号:TU37/J310] | 在馆 | |
| 2 | 438921 | 204389214 | 建筑库101/404自科库 24排1列2层/ [索取号:TU37/J310] | 在馆 | |
| 3 | 438922 | 204389223 | 建筑库101/404自科库 24排1列2层/ [索取号:TU37/J310] | 在馆 | |
| 4 | 438923 | 204389232 | 自科二线404/404自科库 28排4列3层/ [索取号:TU37/J310] | 在馆 |